Principles of Corporate Finance (Record no. 9741)

MARC details
000 -LEADER
fixed length control field 00445nam a22001577a 4500
008 - FIXED-LENGTH DATA ELEMENTS--GENERAL INFORMATION
fixed length control field 231125b |||||||| |||| 00| 0 eng d
020 ## - INTERNATIONAL STANDARD BOOK NUMBER
International Standard Book Number 9780070074170
082 ## - DEWEY DECIMAL CLASSIFICATION NUMBER
Classification number 658.15 BRE
100 ## - MAIN ENTRY--PERSONAL NAME
Personal name Brealey, Richard A.
245 ## - TITLE STATEMENT
Title Principles of Corporate Finance
250 ## - EDITION STATEMENT
Edition statement 5th ed.
260 ## - PUBLICATION, DISTRIBUTION, ETC.
Place of publication, distribution, etc. United States of America :
Name of publisher, distributor, etc. McGraw-Hill,
Date of publication, distribution, etc. 1996.
300 ## - PHYSICAL DESCRIPTION
Extent xxv. 998 p:
Other physical details illus,
Dimensions 23.8 Cm.
700 ## - ADDED ENTRY--PERSONAL NAME
Personal name Myers, Stewart C.
Relator term Author
942 ## - Added entry Elements (Koha)
Source of classification or shelving scheme Dewey Decimal Classification
Holdings
Withdrawn status Lost status Source of classification or shelving scheme Damaged status Not for loan Collection code Home library Current library Shelving location Date acquired Serial Enumeration / chronology Total Checkouts Full call number Barcode Date last seen Price effective from Koha item type
    Dewey Decimal Classification     Main TEST RTC Library RTC Library Main opac 25/11/2023 177969   658.15 BRE 30018949 25/11/2023 25/11/2023 Main
Royal Thimphu College || All Right Reserved